[Event "80_CIA"]
[Site "?"]
[Date "2020.02.07"]
[Round "1.1"]
[White "Luciani Valerio"]
[Black "Brugnoni Lorenzo"]
[Result "1-0"]
[WhiteElo "2131"]
[BlackElo "1782"]
[PlyCount "81"]
[EventDate "2020.??.??"]

1. e4 e6 2. d4 d5 3. e5 c5 4. c3 Nc6 5. Be3 Qb6 6. Qd2 cxd4 7. cxd4 Nge7 8. Nc3
Nf5 9. Nf3 Bd7 10. Rb1 Bb4 11. Bd3 Nfxd4 12. Nxd4 Nxd4 13. O-O Nf3+ 14. gxf3 d4
15. Bg5 Rc8 16. Qf4 h6 17. Qh4 Rf8 18. Bd2 Be7 19. Qg3 dxc3 20. bxc3 Qc5 21.
Be4 Bc6 22. Be3 Qc4 23. Bxc6+ Qxc6 24. Bxa7 g6 25. Bd4 Bc5 26. Rb3 Bxd4 27.
cxd4 g5 28. Rfb1 Rc7 29. Rb5 Qa6 30. d5 exd5 31. e6 Rc1+ 32. Rxc1 Qxb5 33. Rc8+
Ke7 34. Qc7+ Kxe6 35. Rxf8 g4 36. Qxf7+ Kd6 37. Rd8+ Ke5 38. Qe7+ Kd4 39. Qe3+
Kc4 40. Rc8+ Kb4 41. Qc3+ 1-0